<?xml version="1.0" encoding="UTF-8"?>
<record
    xmlns:xsi="http://www.w3.org/2001/XMLSchema-instance"
    xsi:schemaLocation="http://www.loc.gov/MARC21/slim http://www.loc.gov/standards/marcxml/schema/MARC21slim.xsd"
    xmlns="http://www.loc.gov/MARC21/slim">

  <leader>04608    a2200229   4500</leader>
  <controlfield tag="001">54787</controlfield>
  <controlfield tag="005">20260407155824.0</controlfield>
  <controlfield tag="008">260407a1943    arg                 spa d</controlfield>
  <controlfield tag="003">AR-UNSa-BCEJYS</controlfield>
  <datafield tag="040" ind1=" " ind2=" ">
    <subfield code="a">AR-UNSa-BCEJYS</subfield>
    <subfield code="b">spa</subfield>
    <subfield code="c">AR-UNSa-BCEJYS</subfield>
  </datafield>
  <datafield tag="080" ind1=" " ind2=" ">
    <subfield code="a">342.41</subfield>
    <subfield code="x">Bases de la constituci&#xF3;n</subfield>
  </datafield>
  <datafield tag="245" ind1="1" ind2="0">
    <subfield code="a">Bases y puntos de partida para la organizaci&#xF3;n pol&#xED;tica de la Rep&#xFA;blica Argentina</subfield>
  </datafield>
  <datafield tag="020" ind1=" " ind2=" ">
    <subfield code="a">950-21-0614-8</subfield>
  </datafield>
  <datafield tag="250" ind1=" " ind2=" ">
    <subfield code="a">6a. ed.</subfield>
  </datafield>
  <datafield tag="264" ind1=" " ind2="1">
    <subfield code="a">Buenos Aires :</subfield>
    <subfield code="b">Plus Ultra</subfield>
    <subfield code="c">1943</subfield>
  </datafield>
  <datafield tag="300" ind1=" " ind2=" ">
    <subfield code="a">332 p.</subfield>
    <subfield code="c">20 cm.</subfield>
  </datafield>
  <datafield tag="505" ind1=" " ind2=" ">
    <subfield code="a">1. Situaci&#xF3;n Constitucional del Plata - 2. Car&#xE1;cter historico del derecho contitucionalsud-americano: su divisi&#xF3;n esencial en dos periodos- 3. Constituciones ensayadas en la Rep&#xFA;blica Argentina - 4. Constituci&#xF3;n de Chile. Defectos que hacen peligrosa su imitaci&#xF3;n - 5. Constituci&#xF3;n del Per&#xFA;. Es calculada para su atraso - 6. Constituci&#xF3;n de los Estados que formaron la Republica de Colombia. Vicios por los que no debe imitarse - 7. De la Constituci&#xF3;n de M&#xE9;jico, y de los vicios que originan su atraso - 8. Constituci&#xF3;n del Estado Oriental del Uruguay. Defectos que hacen peligrosa su imitaci&#xF3;n - 9. Constituci&#xF3;n del Paraguay. Defectos que hacen aborrecible su ejemplo - 10. Cu&#xE1;l debe ser el esp&#xED;ritu del nuevo derecho constitucional en Sud-Am&#xE9;rica - 11. Constituci&#xF3;n de California - 12. Falsa posici&#xF3;n de las Rep&#xFA;blicas hispano-americanas. La monarqu&#xED;a no es el medio de salir de ella, sino la rep&#xFA;blica posible antes de la rep&#xFA;blica verdadera - 13. La educaci&#xF3;n no es la instrucci&#xF3;n - 14. Acci&#xF3;n civilizadora de la Europa en las Rep&#xFA;blicas de Sud-Am&#xE9;rica - 15. De la inmigraci&#xF3;n como medio de progreso y de cultura para la Am&#xE9;rica del Sud. Medios de fomentar la inmigraci&#xF3;n. Tratados extranjeros. La inmigraci&#xF3;n espont&#xE1;nea y la no artificial. Tolerancia religiosa. Ferrocarriles. Franquicias. Libre navegaci&#xF3;n fluvial - 16. De la legislaci&#xF3;n como medio de estimular la poblaci&#xF3;n y el desarrollo de nuestras Rep&#xFA;blicas - 17. Bases y puntos de partida para la contituci&#xF3;n del gobierno de la Rep&#xFA;blica Argentina - 18. Continuaci&#xF3;n del mismo asunto- Fines de la Constituci&#xF3;n Argentina - 19. Continuaci&#xF3;n del mismo asunto. Del gobierno y su forma. La unidad pura es imposible - 20. Continuaci&#xF3;n del mismo asunto. Origen y causas de la descentralizaci&#xF3;n del gobierno de la Rep&#xFA;blica Argentina - 21. Continuaci&#xF3;n del mismo asunto. La federaci&#xF3;n pura es imposible en la Rep&#xFA;blica Argentina. Cu&#xE1;l federaci&#xF3;n es practicable en aquel pa&#xED;s - 22. Idea de la manera pr&#xE1;ctica de organizar el gobierno mixto que se propone, tomada de los gobiernos federales de Norte-Am&#xE9;rica, Suiza y Alemania. Cuesti&#xF3;n electoral - 23. Continuaci&#xF3;n del mismo asunto. Objetos y facultades del gobierno genContinuaci&#xF3;n eral - 24. Continuaci&#xF3;n del mismo asunto. Extensi&#xF3;n de las facultades y poderes del gobierno federal - 25. Continuaci&#xF3;n del mismo objeto. Extensi&#xF3;n relativa de cada uno de los poderes nacionales. Rol y misi&#xF3;n del poder ejecutivo en la Am&#xE9;rica del Sud. Ejemplo de Chile - 26. De la capital de la Confeeraci&#xF3;n Argentina. Todo gobierno nacional es imposible con la capital de Buenos Aires - 27. Respuestas a las objeciones contra la posiblidad de una constituci&#xF3;n general para la Rep&#xFA;blica Argentina - 28. Continuaci&#xF3;n del mismo asunto. El sistema de gobierno tiene tanta parte como la disposici&#xF3;n de los habitantes en la suerte de los Estados. Ejemplo de ello. La Rep&#xFA;blica Argentina tiene elementos para vivir contituida - 29. De al pol&#xED;tica que conviene a la situaci&#xF3;n de la Rep&#xFA;blica Argentina - 30. Continuaci&#xF3;n del mismo asunto. Vocaci&#xF3;n pol&#xED;tica de la Constituci&#xF3;n, o de la pol&#xED;tica conveniente a sus fines - 31. Continuaci&#xF3;n del mismo asunto. En Am&#xE9;rica gobernar es poblar - 32. Continuaci&#xF3;n del mismo objeto. Sin nueva poblaci&#xF3;n es imposible el nuevo r&#xE9;gimen. Pol&#xED;tica contra el desierto, actual enemigo de Am&#xE9;rica - 33. Continuaci&#xF3;n del mismo asunto. La Constituci&#xF3;n debe garantizarse contra leyes org&#xE1;nicas que pretendan destruirla por excepciones. Examen de la Contituci&#xF3;n de Bolivia, modelo del fraude en la libertad - 34. Continuaci&#xF3;n del mismo asunto. Pol&#xED;tica convincente para despu&#xE9;s de dada la Constituci&#xF3;n - 35. De la pol&#xED;tica de Buenos Aires para con la Naci&#xF3;n Argentina - 36. Advertencia que sirve de prefacio y de an&#xE1;lisis del proyecto de Constituci&#xF3;n que sigue - 37. Proyecto de Constituci&#xF3;n concebido seg&#xFA;n las bases desarrolladas en este libro</subfield>
  </datafield>
  <datafield tag="041" ind1=" " ind2=" ">
    <subfield code="a">spa</subfield>
  </datafield>
  <datafield tag="942" ind1=" " ind2=" ">
    <subfield code="c">BK</subfield>
  </datafield>
  <datafield tag="590" ind1=" " ind2=" ">
    <subfield code="a">niveau_biblio:m niveau_hierar:0</subfield>
  </datafield>
  <datafield tag="100" ind1="1" ind2=" ">
    <subfield code="a">Alberdi, Juan Bautista</subfield>
  </datafield>
  <datafield tag="999" ind1=" " ind2=" ">
    <subfield code="c">5809</subfield>
    <subfield code="d">5809</subfield>
  </datafield>
  <datafield tag="952" ind1=" " ind2=" ">
    <subfield code="0">0</subfield>
    <subfield code="1">0</subfield>
    <subfield code="4">0</subfield>
    <subfield code="7">0</subfield>
    <subfield code="a">BCEJYS</subfield>
    <subfield code="b">BCEJYS</subfield>
    <subfield code="c">16</subfield>
    <subfield code="d">2026-04-07</subfield>
    <subfield code="l">0</subfield>
    <subfield code="o">342.41 A329b 6ed.</subfield>
    <subfield code="p">L85009</subfield>
    <subfield code="r">2026-04-07 15:58:24</subfield>
    <subfield code="w">2026-04-07</subfield>
    <subfield code="y">L</subfield>
  </datafield>
</record>
